Aktuální aspekty české a světové ekonomiky seminář konaný u příležitosti mezinárodní konference LEF 2009

Enregistré dans:
Détails bibliographiques
Collectivité auteur: Liberecké ekonomické fórum 2009. Mezinárodní vědecká konference
Autres auteurs: Zbránková, Magdalena
Format: Livre
Langue:tchèque
anglais
slovaque
Publié: Liberec Technická univerzita v Liberci 2009
Sujets:
Tags: Ajouter un tag
Pas de tags, Soyez le premier à ajouter un tag!

MARC

LEADER 00000nlm$a2200000$$$4500
001 0108063
005 20220909085246.3
020 |a 978-80-7372-536-5 
041 0 |a cze 
041 0 |a eng 
041 0 |a slo 
044 |a CZ 
245 1 0 |a Aktuální aspekty české a světové ekonomiky  |b seminář konaný u příležitosti mezinárodní konference LEF 2009  |c editor Magdalena Zbránková 
264 1 |a Liberec  |b Technická univerzita v Liberci  |c 2009 
300 |a CD-ROM 
610 2 0 |a hospodárstvo domáce 
610 2 0 |a hospodárstvo svetové 
610 2 0 |a Česko 
610 2 0 |a politika hospodárska 
610 2 0 |a integrácia ekonomická medzinárodná 
700 1 |a Zbránková, Magdalena 
110 2 |a Liberecké ekonomické fórum 2009. Mezinárodní vědecká konference